• 首页
  • 本馆介绍
  • 公告通知
  • 最新文献
  • 馆藏检索
  • 电子资源
  • 读者导购
  • 参考咨询
  • 我的图书馆
  • 登录
  • 详细信息显示
  • 放入我的书架
  • 预约/预借图书
  • 作者相关作品
  • 分类相关作品
  • 丛书相关作品
  • 出版社相关作品

书目信息

  • 表格格式
  • 工作单格式
  • 卡片格式
题名:
古乐府选析
    
 
作者: 王国安 选析
分册:  
出版信息: 上海   上海教育出版社  1990.7
页数: 200页
开本: 19cm
丛书名: 中学生文库
单 册:
中图分类: I222.6
科图分类:
主题词: 乐府诗--中国--古代--中学--课外读物
电子资源:
ISBN: 7-5320-1679-X
000 00679oam2 2200241 450
001 1552114649
005 20150121142907.62
010    @a7-5320-1679-X@dCNY1.80
100    @a19901114d1990 demy0chiy0110 ea
101 0  @achi
102    @aCN@b310000
105    @ay z 000yy
200 1  @a古乐府选析@9gu yue fu xuan xi@f王国安选析
210    @a上海@c上海教育出版社@d1990.7
215    @a200页@d19cm
225 2  @a中学生文库
330    @a本书精选了汉魏六朝时代的乐府诗105首。
461  0 @12001 @a中学生文库
606 0  @a乐府诗@y中国@z古代@x中学@x课外读物
690    @aI222.6
701  0 @a王国安@9wang guo an@4选析
801  0 @aCN@bTSSF@c20150121
905    @aZUCC@dI222.6@eJY1
    
    古乐府选析/王国安选析.-上海:上海教育出版社,1990.7
    200页;19cm.-(中学生文库)
    
    
    ISBN 7-5320-1679-X:CNY1.80
    本书精选了汉魏六朝时代的乐府诗105首。
●
相关链接 在E读中查询图书 在五车中查询图书 在当当中查询图书 在豆瓣中查询图书


正题名:古乐府选析     索取号:I222.6/JY1         预约/预借

序号 登录号 条形码 馆藏地/架位号 状态 备注
1 7840099   278400990   学院路分馆/ [索取号:I222.6/JY1] 在馆    
2 7840100   278401007   学院路分馆/ [索取号:I222.6/JY1] 在馆    
唐山师范学院图书馆 欢迎您!
大连网信软件有限公司© 版权所有